| 000 | 00824nam2a2200265 4500 | ||
|---|---|---|---|
| 001 | RU\NLR\BIBL_A\022219759 | ||
| 005 | 20250625162546.0 | ||
| 021 | _aRU | ||
| 035 | _a(NLR Aleph) 022219759 | ||
| 090 |
_a13321785 _c13321785 |
||
| 100 | _a20240513d2006 |||y0rusy50 ca | ||
| 101 | 0 |
_arus _asah |
|
| 102 | _aRU | ||
| 105 | _aac z 000 y | ||
| 181 | 0 |
_ai _baxxe |
|
| 182 | 0 | _an | |
| 200 | 0 | _aВып.1 | |
| 203 |
_aТекст _bвизуальный _cнепосредственный |
||
| 210 |
_d2006 _aБ. м. |
||
| 215 |
_a170 с. _cил., порт. |
||
| 461 | 0 |
_1001RU\NLR\BIBL_A\022219754 _12001#$aСунтар: прошлое, настоящее, будущее$eинформационно-публицистическая книга$vВып.1 |
|
| 852 |
_aNLR _bОНЛ |
||
| 942 | _cBOOK | ||
| 980 | _aNB | ||